| 000 | 00495nam a2200193Ia 4500 | ||
|---|---|---|---|
| 003 | OSt | ||
| 005 | 20250314170934.0 | ||
| 008 | 231217s9999 xx 000 0 und d | ||
| 020 | _a9780070534759 | ||
| 040 | _c0 | ||
| 041 | _aEnglish | ||
| 082 | _a001.6424UNI DAS;1 | ||
| 100 | _aDas, Sumitabha. | ||
| 245 | 0 | _aUnix : concepts and applications, including systems programming and linux | |
| 250 | _a3rd ed. | ||
| 260 |
_c2003 _bTMH _aNew Delhi |
||
| 300 | _axxii, 673 | ||
| 942 |
_cAA _2ddc |
||
| 999 |
_c196040 _d196040 |
||